00570nam a2200169 a 45000010005000000030005000050050017000100080041000270200015000680400020000831000033001032450057001362600071001933000019002645000097002836000020003805982CDMR20131009175821.0130220s1995||||||||||||||||||||||||||||d a8488167202 aCDMRbcatcCDMR1 aGarcía Ferrer, Juan Manuel10aJoan de SagarracJ. M. García Ferrer i Martí Rom aBarcelonabAssociació d'Enginyers Industrials de Catalunyac1995 a147 p ;c17 cm aLlibre editat per a la sessió que tinguè lloc al Cine-Club el dia 14 de desembre de 1995 aSagarra,Joan de